[Event "DEM U10 2024"]
[Site "Willingen GER"]
[Date "2024.05.19"]
[Round "2"]
[White "Seegebrecht, Johann"]
[Black "Chychkan, Pavlo"]
[Result "1-0"]
[Termination "normal"]
[Board "27"]
[WhiteElo "1421"]
[BlackElo "1323"]
[WhiteClock "01:18:12"]
[BlackClock "01:09:50"]
[PlyCount "63"]
[WhiteFideId "34655115"]
[BlackFideId "533001758"]
[EventCountry "GER"]
[EventRounds "11"]
[EventType "swiss"]
[EventDate "2024.05.18"]

1. e4 {[%clk 01:15:58]} {[%emt 00:00:03]} e5 {[%clk 01:16:16]} {[%emt
00:00:14]} 2. Nf3 {[%clk 01:16:23]} {[%emt 00:00:04]} Nc6 {[%clk 01:16:33]}
{[%emt 00:00:14]} 3. Nc3 {[%clk 01:16:44]} {[%emt 00:00:09]} Nf6 {[%clk
01:16:48]} {[%emt 00:00:15]} 4. Bb5 {[%clk 01:17:07]} {[%emt 00:00:37]} Bc5
{[%clk 01:17:27]} {[%emt 00:00:20]} 5. Nxe5 {[%clk 01:17:21]} {[%emt 00:00:16]}
Nxe5 {[%clk 01:16:30]} {[%emt 00:01:27]} 6. d4 {[%clk 01:17:33]} {[%emt
00:00:18]} Bxd4 {[%clk 01:16:55]} {[%emt 00:00:05]} 7. Qxd4 {[%clk 01:17:59]}
{[%emt 00:00:04]} Nc6 {[%clk 01:16:31]} {[%emt 00:00:55]} 8. Qe3 {[%clk
01:18:10]} {[%emt 00:00:19]} a6 {[%clk 01:15:51]} {[%emt 00:01:10]} 9. Bxc6
{[%clk 01:16:26]} {[%emt 00:02:13]} bxc6 {[%clk 01:15:33]} {[%emt 00:00:48]}
10. O-O {[%clk 01:15:42]} {[%emt 00:01:15]} h6 {[%clk 01:15:49]} {[%emt
00:00:14]} 11. Qg3 {[%clk 01:15:53]} {[%emt 00:00:18]} Qe7 {[%clk 01:15:34]}
{[%emt 00:00:45]} 12. Qxg7 {[%clk 01:16:05]} {[%emt 00:00:19]} Rg8 {[%clk
01:15:39]} {[%emt 00:00:23]} 13. Qxh6 {[%clk 01:16:17]} {[%emt 00:00:19]} d6
{[%clk 01:15:12]} {[%emt 00:00:57]} 14. Bg5 {[%clk 01:16:35]} {[%emt 00:00:12]}
Rg6 {[%clk 01:14:55]} {[%emt 00:00:47]} 15. Qh8+ {[%clk 01:16:14]} {[%emt
00:00:51]} Kd7 {[%clk 01:15:08]} {[%emt 00:00:17]} 16. Bxf6 {[%clk 01:16:18]}
{[%emt 00:00:26]} Rxf6 {[%clk 01:15:19]} {[%emt 00:00:19]} 17. Qh3+ {[%clk
01:16:29]} {[%emt 00:00:18]} Kd8 {[%clk 01:15:29]} {[%emt 00:00:21]} 18. Qh8+
{[%clk 01:16:47]} {[%emt 00:00:12]} Kd7 {[%clk 01:14:44]} {[%emt 00:01:16]} 19.
Rfe1 {[%clk 01:16:34]} {[%emt 00:00:42]} Bb7 {[%clk 01:14:41]} {[%emt
00:00:34]} 20. Qh3+ {[%clk 01:16:53]} {[%emt 00:00:10]} Kd8 {[%clk 01:13:45]}
{[%emt 00:01:26]} 21. Rad1 {[%clk 01:17:14]} {[%emt 00:00:09]} Rg6 {[%clk
01:13:04]} {[%emt 00:01:11]} 22. e5 {[%clk 01:17:17]} {[%emt 00:00:27]} c5
{[%clk 01:13:06]} {[%emt 00:00:29]} 23. exd6 {[%clk 01:17:41]} {[%emt
00:00:05]} Qd7 {[%clk 01:12:29]} {[%emt 00:01:07]} 24. dxc7+ {[%clk 01:17:47]}
{[%emt 00:00:24]} Kxc7 {[%clk 01:12:02]} {[%emt 00:00:57]} 25. Qxd7+ {[%clk
01:18:08]} {[%emt 00:00:08]} Kb8 {[%clk 01:11:56]} {[%emt 00:00:37]} 26. Qd8+
{[%clk 01:18:04]} {[%emt 00:00:35]} Ka7 {[%clk 01:12:22]} {[%emt 00:00:04]} 27.
Qd7 {[%clk 01:18:03]} {[%emt 00:00:29]} Rxg2+ {[%clk 01:12:19]} {[%emt
00:00:34]} 28. Kf1 {[%clk 01:18:09]} {[%emt 00:00:25]} Rag8 {[%clk 01:11:05]}
{[%emt 00:01:43]} 29. Re7 {[%clk 01:18:15]} {[%emt 00:00:23]} Rb8 {[%clk
01:11:02]} {[%emt 00:00:34]} 30. Qc7 {[%clk 01:18:06]} {[%emt 00:00:39]} Ka8
{[%clk 01:09:50]} {[%emt 00:01:42]} 31. Rd8 {[%clk 01:18:12]} {[%emt 00:00:24]}
Rc8 {[%emt 00:01:01]} 32. Qxb7# {[%clk 01:18:12]} {[%emt 00:00:09]} 1-0

[Event "DEM U10 2024"]
[Site "Willingen GER"]
[Date "2024.05.19"]
[Round "2"]
[White "Katzenstein, Alexander"]
[Black "Romberg, Moritz"]
[Result "1/2-1/2"]
[Termination "normal"]
[Board "29"]
[WhiteElo "1275"]
[BlackElo "1054"]
[WhiteClock "00:52:40"]
[BlackClock "00:55:42"]
[PlyCount "102"]
[WhiteFideId "34696822"]
[BlackFideId "34676600"]
[EventCountry "GER"]
[EventRounds "11"]
[EventType "swiss"]
[EventDate "2024.05.18"]

1. d4 {[%clk 01:15:56]} {[%emt 00:00:04]} d5 {[%clk 01:15:56]} {[%emt
00:00:05]} 2. c4 {[%clk 01:16:21]} {[%emt 00:00:05]} dxc4 {[%clk 01:16:14]}
{[%emt 00:00:12]} 3. e4 {[%clk 01:16:37]} {[%emt 00:00:13]} Nc6 {[%clk
01:16:37]} {[%emt 00:00:07]} 4. Nf3 {[%clk 01:16:50]} {[%emt 00:00:18]} Bg4
{[%clk 01:16:53]} {[%emt 00:00:13]} 5. d5 {[%clk 01:16:01]} {[%emt 00:01:19]}
Ne5 {[%clk 01:16:57]} {[%emt 00:00:26]} 6. Be2 {[%clk 01:15:54]} {[%emt
00:00:36]} Nxf3+ {[%clk 01:16:39]} {[%emt 00:00:49]} 7. Bxf3 {[%clk 01:16:13]}
{[%emt 00:00:11]} Bxf3 {[%clk 01:16:42]} {[%emt 00:00:27]} 8. Qxf3 {[%clk
01:16:31]} {[%emt 00:00:12]} Nf6 {[%clk 01:16:31]} {[%emt 00:00:41]} 9. Bg5
{[%clk 01:15:49]} {[%emt 00:01:12]} h6 {[%clk 01:15:14]} {[%emt 00:01:48]} 10.
Bxf6 {[%clk 01:15:48]} {[%emt 00:00:30]} exf6 {[%clk 01:15:07]} {[%emt
00:00:37]} 11. O-O {[%clk 01:15:50]} {[%emt 00:00:28]} Bd6 {[%clk 01:14:53]}
{[%emt 00:00:44]} 12. Nd2 {[%clk 01:15:45]} {[%emt 00:00:35]} b5 {[%clk
01:14:35]} {[%emt 00:00:48]} 13. a4 {[%clk 01:16:01]} {[%emt 00:00:14]} Bb4
{[%clk 01:14:33]} {[%emt 00:00:32]} 14. Rfd1 {[%clk 01:15:58]} {[%emt
00:00:33]} a6 {[%clk 01:14:28]} {[%emt 00:00:36]} 15. Qe3 {[%clk 01:14:21]}
{[%emt 00:02:06]} O-O {[%clk 01:13:36]} {[%emt 00:01:22]} 16. Nb1 {[%clk
01:12:36]} {[%emt 00:02:15]} Re8 {[%clk 01:13:16]} {[%emt 00:00:50]} 17. b3
{[%clk 01:12:28]} {[%emt 00:00:38]} cxb3 {[%clk 01:13:16]} {[%emt 00:00:30]}
18. Qxb3 {[%clk 01:12:27]} {[%emt 00:00:31]} Rxe4 {[%clk 01:12:27]} {[%emt
00:01:19]} 19. Nd2 {[%clk 01:11:59]} {[%emt 00:00:58]} Bxd2 {[%clk 01:12:46]}
{[%emt 00:00:11]} 20. Rxd2 {[%clk 01:12:03]} {[%emt 00:00:26]} bxa4 {[%clk
01:12:48]} {[%emt 00:00:28]} 21. Qd3 {[%clk 01:12:12]} {[%emt 00:00:21]} f5
{[%clk 01:11:55]} {[%emt 00:01:23]} 22. f3 {[%clk 01:10:02]} {[%emt 00:02:40]}
Re5 {[%clk 01:09:50]} {[%emt 00:02:34]} 23. Rxa4 {[%clk 01:07:41]} {[%emt
00:02:52]} Qd6 {[%clk 01:07:30]} {[%emt 00:02:51]} 24. Ra1 {[%clk 01:04:35]}
{[%emt 00:03:35]} Qc5+ {[%clk 01:05:47]} {[%emt 00:02:12]} 25. Kf1 {[%clk
01:02:23]} {[%emt 00:02:43]} a5 {[%clk 01:04:19]} {[%emt 00:01:59]} 26. d6
{[%clk 01:01:43]} {[%emt 00:01:08]} Rd8 {[%clk 01:02:54]} {[%emt 00:01:56]} 27.
Rc2 {[%clk 01:00:09]} {[%emt 00:02:03]} Qxd6 {[%clk 01:02:38]} {[%emt
00:00:47]} 28. Qxd6 {[%clk 00:59:28]} {[%emt 00:01:11]} cxd6 {[%clk 01:01:54]}
{[%emt 00:01:15]} 29. Rc6 {[%clk 00:58:40]} {[%emt 00:01:18]} g5 {[%clk
01:00:30]} {[%emt 00:01:53]} 30. Ra6 {[%clk 00:58:55]} {[%emt 00:00:15]} f4
{[%clk 00:58:18]} {[%emt 00:02:41]} 31. R6xa5 {[%clk 00:58:40]} {[%emt
00:00:44]} f6 {[%clk 00:58:11]} {[%emt 00:00:39]} 32. Ra6 {[%clk 00:58:11]}
{[%emt 00:01:00]} Kf7 {[%clk 00:57:59]} {[%emt 00:00:41]} 33. Ra7+ {[%clk
00:57:57]} {[%emt 00:00:44]} Ke6 {[%clk 00:57:22]} {[%emt 00:01:07]} 34. Rh7
{[%clk 00:58:16]} {[%emt 00:00:11]} d5 {[%clk 00:56:38]} {[%emt 00:01:14]} 35.
Rxh6 {[%clk 00:58:37]} {[%emt 00:00:09]} Rd6 {[%clk 00:56:09]} {[%emt
00:00:59]} 36. Kf2 {[%clk 00:54:44]} {[%emt 00:04:23]} d4 {[%clk 00:55:31]}
{[%emt 00:01:08]} 37. Rd1 {[%clk 00:54:38]} {[%emt 00:00:37]} d3 {[%clk
00:55:28]} {[%emt 00:00:32]} 38. h4 {[%clk 00:53:53]} {[%emt 00:01:15]} Re2+
{[%clk 00:54:38]} {[%emt 00:01:20]} 39. Kf1 {[%clk 00:54:04]} {[%emt 00:00:19]}
Kf5 {[%clk 00:53:25]} {[%emt 00:01:41]} 40. Rxd3 {[%clk 00:53:47]} {[%emt
00:00:49]} Rd2 {[%clk 00:52:42]} {[%emt 00:01:14]} 41. Rxd6 {[%clk 00:53:19]}
{[%emt 00:00:57]} Rxd6 {[%clk 00:53:01]} {[%emt 00:00:11]} 42. hxg5 {[%clk
00:53:10]} {[%emt 00:00:39]} Kxg5 {[%clk 00:53:17]} {[%emt 00:00:14]} 43. Rh8
{[%clk 00:53:15]} {[%emt 00:00:25]} f5 {[%clk 00:53:18]} {[%emt 00:00:29]} 44.
Rg8+ {[%clk 00:53:05]} {[%emt 00:00:40]} Rg6 {[%clk 00:53:30]} {[%emt
00:00:18]} 45. Rxg6+ {[%clk 00:51:31]} {[%emt 00:02:03]} Kxg6 {[%clk 00:53:52]}
{[%emt 00:00:09]} 46. Kf2 {[%clk 00:51:38]} {[%emt 00:00:23]} Kh5 {[%clk
00:54:03]} {[%emt 00:00:19]} 47. g3 {[%clk 00:51:42]} {[%emt 00:00:27]} fxg3+
{[%clk 00:54:13]} {[%emt 00:00:20]} 48. Kxg3 {[%clk 00:52:05]} {[%emt
00:00:07]} Kg5 {[%clk 00:54:36]} {[%emt 00:00:07]} 49. f4+ {[%clk 00:52:08]}
{[%emt 00:00:27]} Kh5 {[%clk 00:54:57]} {[%emt 00:00:08]} 50. Kh3 {[%clk
00:52:23]} {[%emt 00:00:16]} Kg6 {[%clk 00:55:18]} {[%emt 00:00:08]} 51. Kh4
{[%clk 00:52:40]} {[%emt 00:00:14]} Kh6 {[%clk 00:55:42]} {[%emt 00:00:05]}
1/2-1/2

[Event "DEM U10 2024"]
[Site "Willingen GER"]
[Date "2024.05.20"]
[Round "3"]
[White "Shivkumar, Shreyas"]
[Black "Gusev, Daniil"]
[Result "0-1"]
[Termination "normal"]
[Board "1"]
[WhiteElo "1728"]
[BlackElo "1740"]
[WhiteClock "00:59:35"]
[BlackClock "00:11:54"]
[PlyCount "138"]
[WhiteFideId "34638407"]
[BlackFideId "55683886"]
[EventCountry "GER"]
[EventRounds "11"]
[EventType "swiss"]
[EventDate "2024.05.18"]

1. e4 {[%clk 01:15:57]} {[%emt 00:00:02]} c5 {[%clk 01:15:56]} {[%emt
00:00:05]} 2. Nf3 {[%clk 01:16:21]} {[%emt 00:00:05]} e6 {[%clk 01:16:24]}
{[%emt 00:00:03]} 3. d4 {[%clk 01:16:43]} {[%emt 00:00:07]} cxd4 {[%clk
01:16:50]} {[%emt 00:00:04]} 4. Nxd4 {[%clk 01:17:05]} {[%emt 00:00:08]} a6
{[%clk 01:17:18]} {[%emt 00:00:03]} 5. Bd3 {[%clk 01:17:25]} {[%emt 00:00:09]}
Qc7 {[%clk 01:17:44]} {[%emt 00:00:05]} 6. O-O {[%clk 01:17:42]} {[%emt
00:00:12]} Nf6 {[%clk 01:18:07]} {[%emt 00:00:07]} 7. Qe2 {[%clk 01:18:07]}
{[%emt 00:00:05]} d6 {[%clk 01:17:48]} {[%emt 00:00:50]} 8. c4 {[%clk
01:18:30]} {[%emt 00:00:07]} Be7 {[%clk 01:17:54]} {[%emt 00:00:24]} 9. Nc3
{[%clk 01:18:51]} {[%emt 00:00:08]} b6 {[%clk 01:17:52]} {[%emt 00:00:33]} 10.
f4 {[%clk 01:18:46]} {[%emt 00:00:34]} Nbd7 {[%clk 01:17:59]} {[%emt 00:00:24]}
11. Kh1 {[%clk 01:19:06]} {[%emt 00:00:08]} Bb7 {[%clk 01:17:53]} {[%emt
00:00:38]} 12. Bd2 {[%clk 01:19:08]} {[%emt 00:00:26]} O-O {[%clk 01:17:14]}
{[%emt 00:01:11]} 13. f5 {[%clk 01:19:28]} {[%emt 00:00:09]} e5 {[%clk
01:17:26]} {[%emt 00:00:19]} 14. Nb3 {[%clk 01:19:53]} {[%emt 00:00:05]} Nc5
{[%clk 01:15:05]} {[%emt 00:02:51]} 15. Nxc5 {[%clk 01:20:16]} {[%emt
00:00:07]} dxc5 {[%clk 01:15:22]} {[%emt 00:00:13]} 16. g4 {[%clk 01:19:51]}
{[%emt 00:00:55]} Ne8 {[%clk 01:13:12]} {[%emt 00:02:40]} 17. g5 {[%clk
01:18:47]} {[%emt 00:01:33]} f6 {[%clk 01:13:17]} {[%emt 00:00:25]} 18. g6
{[%clk 01:19:10]} {[%emt 00:00:07]} h6 {[%clk 01:13:32]} {[%emt 00:00:16]} 19.
Qh5 {[%clk 01:17:11]} {[%emt 00:02:28]} Bd8 {[%clk 01:13:33]} {[%emt 00:00:29]}
20. a4 {[%clk 01:10:38]} {[%emt 00:07:03]} Nd6 {[%clk 01:11:45]} {[%emt
00:02:17]} 21. Rg1 {[%clk 01:10:03]} {[%emt 00:01:05]} Qd7 {[%clk 01:08:05]}
{[%emt 00:04:11]} 22. Nd5 {[%clk 01:10:08]} {[%emt 00:00:25]} Re8 {[%clk
01:01:04]} {[%emt 00:07:30]} 23. Be3 {[%clk 01:06:41]} {[%emt 00:03:58]} b5
{[%clk 00:56:17]} {[%emt 00:05:18]} 24. b3 {[%clk 01:03:42]} {[%emt 00:03:29]}
Bxd5 {[%clk 00:52:34]} {[%emt 00:04:12]} 25. cxd5 {[%clk 01:03:35]} {[%emt
00:00:38]} c4 {[%clk 00:52:51]} {[%emt 00:00:12]} 26. bxc4 {[%clk 01:02:04]}
{[%emt 00:02:01]} bxc4 {[%clk 00:52:33]} {[%emt 00:00:48]} 27. Bc2 {[%clk
01:02:21]} {[%emt 00:00:12]} Be7 {[%clk 00:51:35]} {[%emt 00:01:29]} 28. Bxh6
{[%clk 01:00:12]} {[%emt 00:02:37]} gxh6 {[%clk 00:51:59]} {[%emt 00:00:07]}
29. Qxh6 {[%clk 01:00:36]} {[%emt 00:00:08]} Bd8 {[%clk 00:44:44]} {[%emt
00:07:44]} 30. Rg3 {[%clk 00:58:21]} {[%emt 00:02:44]} Qg7 {[%clk 00:30:34]}
{[%emt 00:14:40]} 31. Qh7+ {[%clk 00:56:49]} {[%emt 00:02:02]} Qxh7 {[%clk
00:27:56]} {[%emt 00:03:09]} 32. gxh7+ {[%clk 00:57:12]} {[%emt 00:00:08]} Kh8
{[%clk 00:28:14]} {[%emt 00:00:11]} 33. Rag1 {[%clk 00:57:02]} {[%emt
00:00:39]} Bb6 {[%clk 00:28:37]} {[%emt 00:00:08]} 34. R1g2 {[%clk 00:57:26]}
{[%emt 00:00:06]} Bd4 {[%clk 00:26:21]} {[%emt 00:02:47]} 35. Rg6 {[%clk
00:57:19]} {[%emt 00:00:36]} Rf8 {[%clk 00:26:47]} {[%emt 00:00:05]} 36. h4
{[%clk 00:54:14]} {[%emt 00:03:34]} Rac8 {[%clk 00:24:48]} {[%emt 00:02:29]}
37. Kh2 {[%clk 00:52:12]} {[%emt 00:02:31]} Nb7 {[%clk 00:23:48]} {[%emt
00:01:32]} 38. Rg7 {[%clk 00:52:00]} {[%emt 00:00:41]} Nc5 {[%clk 00:20:34]}
{[%emt 00:03:45]} 39. d6 {[%clk 00:51:48]} {[%emt 00:00:41]} Rcd8 {[%clk
00:18:41]} {[%emt 00:02:23]} 40. a5 {[%clk 00:51:31]} {[%emt 00:00:48]} Be3
{[%clk 00:17:08]} {[%emt 00:02:03]} 41. R2g6 {[%clk 00:50:59]} {[%emt
00:01:01]} Bh6 {[%clk 00:15:57]} {[%emt 00:01:42]} 42. Rc7 {[%clk 00:51:03]}
{[%emt 00:00:25]} Bf4+ {[%clk 00:16:17]} {[%emt 00:00:10]} 43. Kg2 {[%clk
00:51:07]} {[%emt 00:00:26]} Rxd6 {[%clk 00:16:21]} {[%emt 00:00:26]} 44. Rxc5
{[%clk 00:49:52]} {[%emt 00:01:45]} Rd2+ {[%clk 00:16:45]} {[%emt 00:00:06]}
45. Kf3 {[%clk 00:50:14]} {[%emt 00:00:06]} Rxc2 {[%clk 00:17:08]} {[%emt
00:00:09]} 46. Rc6 {[%clk 00:50:25]} {[%emt 00:00:18]} c3 {[%clk 00:15:25]}
{[%emt 00:02:14]} 47. Rc7 {[%clk 00:49:29]} {[%emt 00:01:26]} Rh2 {[%clk
00:14:12]} {[%emt 00:01:43]} 48. Rcg7 {[%clk 00:49:19]} {[%emt 00:00:40]} c2
{[%clk 00:14:16]} {[%emt 00:00:26]} 49. Rg8+ {[%clk 00:49:24]} {[%emt
00:00:24]} Kxh7 {[%clk 00:14:41]} {[%emt 00:00:05]} 50. Rxf8 {[%clk 00:49:39]}
{[%emt 00:00:16]} Rh3+ {[%clk 00:06:54]} {[%emt 00:08:17]} 51. Ke2 {[%clk
00:49:40]} {[%emt 00:00:27]} Rh2+ {[%clk 00:05:44]} {[%emt 00:01:42]} 52. Kf3
{[%clk 00:50:02]} {[%emt 00:00:07]} Rh3+ {[%clk 00:04:43]} {[%emt 00:01:32]}
53. Ke2 {[%clk 00:49:45]} {[%emt 00:00:47]} Re3+ {[%clk 00:00:44]} {[%emt
00:04:29]} 54. Kd2 {[%clk 00:47:05]} {[%emt 00:03:10]} Rc3+ {[%clk 00:01:09]}
{[%emt 00:00:05]} 55. Ke2 {[%clk 00:47:06]} {[%emt 00:00:29]} Rc7 {[%clk
00:01:29]} {[%emt 00:00:10]} 56. Rg1 {[%clk 00:47:14]} {[%emt 00:00:21]} c1=Q
{[%clk 00:00:59]} {[%emt 00:01:01]} 57. Rxc1 {[%clk 00:47:34]} {[%emt
00:00:10]} Bxc1 {[%clk 00:01:25]} {[%emt 00:00:05]} 58. Rxf6 {[%clk 00:47:57]}
{[%emt 00:00:06]} Ra7 {[%clk 00:01:35]} {[%emt 00:00:20]} 59. Kd3 {[%clk
00:48:08]} {[%emt 00:00:19]} Bb2 {[%clk 00:15:30]} {[%emt 00:01:35]} 60. Kc4
{[%clk 01:03:13]} {[%emt 00:00:25]} Bd4 {[%clk 00:15:16]} {[%emt 00:00:44]} 61.
Rg6 {[%clk 01:03:14]} {[%emt 00:00:29]} Rc7+ {[%clk 00:15:22]} {[%emt
00:00:24]} 62. Kd3 {[%clk 01:00:42]} {[%emt 00:03:01]} Rc3+ {[%clk 00:14:11]}
{[%emt 00:01:42]} 63. Kd2 {[%clk 01:00:55]} {[%emt 00:00:17]} Rc5 {[%clk
00:14:25]} {[%emt 00:00:16]} 64. Rxa6 {[%clk 01:00:42]} {[%emt 00:00:43]} Bc3+
{[%clk 00:14:41]} {[%emt 00:00:14]} 65. Ke2 {[%clk 01:00:50]} {[%emt 00:00:21]}
Bxa5 {[%clk 00:12:13]} {[%emt 00:02:59]} 66. Rg6 {[%clk 01:00:32]} {[%emt
00:00:47]} Rc2+ {[%clk 00:11:11]} {[%emt 00:01:32]} 67. Kd3 {[%clk 00:59:53]}
{[%emt 00:01:10]} Rd2+ {[%clk 00:11:12]} {[%emt 00:00:29]} 68. Ke3 {[%clk
01:00:01]} {[%emt 00:00:22]} Rh2 {[%clk 00:11:34]} {[%emt 00:00:08]} 69. Rg5
{[%clk 00:59:35]} {[%emt 00:00:55]} Bd2+ {[%clk 00:11:54]} {[%emt 00:00:11]}
0-1